Řád bratří kazatelů čili dominikánů / Jeronym M. Jurák
Record details
- Physical Description: 70 s. : il. ; 20 cm
- Publisher: V Olomouci : Jeronym M. Jurák, 1932
Content descriptions
| General Note: | Název a údaje o odpovědnosti převzaty z obálky |
Search for related items by subject
| Subject: | Dominikáni řeholní řády > 13.-20. stol. dominikánská spiritualita > 13.-20. stol. řeholní život > 13.-20. stol. |
| Genre: | informační publikace |
Search for related items by series
Available copies
- 1 of 1 copy available at Common Catalog SPOK.
Holds
- 0 current holds with 1 total copy.
Show Only Available Copies
| Location | Call Number / Copy Notes | Barcode | Shelving Location | Status | Due Date |
|---|---|---|---|---|---|
| Jabok Library | CD-8.15.1 | 424480004413 | Odborná literatura | Available | - |
| LDR | 01270nam a2200373 a 4500 | ||
|---|---|---|---|
| 001 | 11198 | ||
| 003 | CZ-PrJAB | ||
| 005 | 20160926113715.0 | ||
| 007 | ta | ||
| 008 | 051014s1932 xr a grf 000 0 cze | ||
| 015 | . | ‡acnb000936760 | |
| 035 | . | ‡a(CZ PrSKC)000792994 | |
| 035 | . | ‡a(OCoLC)85513259 | |
| 040 | . | ‡aBOA001 ‡bcze | |
| 080 | . | ‡a27-789 ‡2MRF | |
| 080 | . | ‡a27-789.33-1/-9 ‡2MRF | |
| 080 | . | ‡a27-788-1/-9 ‡2MRF | |
| 080 | . | ‡a(036) ‡2MRF | |
| 100 | 1 | . | ‡aJurák, Jeronym M., ‡d1907- ‡7jk01052204 ‡4aut |
| 245 | 1 | 0. | ‡aŘád bratří kazatelů čili dominikánů / ‡cJeronym M. Jurák |
| 260 | . | ‡aV Olomouci : ‡bJeronym M. Jurák, ‡c1932 | |
| 300 | . | ‡a70 s. : ‡bil. ; ‡c20 cm | |
| 490 | 1 | . | ‡aKrystal |
| 500 | . | ‡aNázev a údaje o odpovědnosti převzaty z obálky | |
| 610 | 2 | 7. | ‡aDominikáni ‡7ko2002101741 ‡2czenas |
| 650 | 0 | 7. | ‡ařeholní řády ‡7ph116892 ‡y13.-20. stol. ‡2czenas |
| 650 | 0 | 7. | ‡adominikánská spiritualita ‡7ph307582 ‡y13.-20. stol. ‡2czenas |
| 650 | 0 | 7. | ‡ařeholní život ‡7ph128285 ‡y13.-20. stol. ‡2czenas |
| 655 | 7. | ‡ainformační publikace ‡7fd132454 ‡2czenas | |
| 830 | 0. | ‡aKrystal (Jeronym M. Jurák) | |
| 910 | . | ‡aABG312 | |
| 901 | . | ‡a11198 ‡bUnknown ‡c11198 ‡tbiblio | |